LEADER 01354nam a2200241 i 4500 001 000000144094 003 CaOOAMICUS 005 20051020000000.0 008 051020s1964 it u000 u ita u 013 $a119452 040 $aSeMil$bita 100 1 $aConvegno Scuola e Società <1964 ; Verona>.$0(OLS)http://semarc/name/57669 245 10$aProgrammazione scolastica e nuovi contenuti educativi :$b[atti del convegno "Scuola e Società" ... Verona - Castelvecchio, 25-26 aprile 1964 : lavori del convegno, relazioni preparatorie ...] /$ca cura del Centro di Informazione. 260 $aTreviso :$bQuaderni veneti,$c1964. 260 $aVenezia :$bQuestitalia,$c1964. 300 $a362 p. ;$c25 cm. 650 4$aIstruzione pubblica - Italia.$0(OLS)http://semarc/subject/17730 700 1 $aCentro di Informazione.$0(OLS)http://semarc/name/57670 850 $aSeMil 852 $aSeMil$W1$xVenegono$y1$m2R V 138$j97066$B97066$CSeMilBibl$Z2$F104675 $81 996 $6245$aProgrammazione scolastica e nuovi contenuti educativi :$b[atti del convegno "Scuola e Società" ... Verona - Castelvecchio, 25-26 aprile 1964 : lavori del convegno, relazioni preparatorie ...]$9(OLS)http://semarc/title/210775 996 $6260$aVenezia :$bQuestitalia$9(OLS)http://semarc/publisher/47613 996 $6260$aTreviso :$bQuaderni veneti$9(OLS)http://semarc/publisher/47614 LEADER 01037nam a2200229 i 4500 001 000000209824 003 CaOOAMICUS 005 20120104000000.0 008 120104s1973 it u000 u ita u 013 $a188615 040 $aSeMil$bita 100 1 $aMonaco, Michele.$0(OLS)http://semarc/name/19860 245 13$aIl De Officio Collectoris in Regno Angliae di Pietro Griffi da Pisa :$b1469-1516 /$cMichele Monaco. 260 $aRoma :$bEdizioni di Storia e Letteratura,$c1973. 300 $a442 p. ;$c26 cm. 490 0 $aUomini e dottrine ;$v19 650 4$aGriffi, Pietro : da Pisa <1469-1516>.$0(OLS)http://semarc/subject/39459 830 0$aUomini e dottrine ;$v19.$0(OLS)http://semarc/title/17157 850 $aSeMil 852 $aSeMil$W1$xVenegono$y1$m3T VI 81$j160275$B160275$CSeMilBibl$Z2$F171291 $81 996 $6245$aIl De Officio Collectoris in Regno Angliae di Pietro Griffi da Pisa :$b1469-1516$9(OLS)http://semarc/title/303333 996 $6260$aRoma :$bEdizioni di Storia e Letteratura$9(OLS)http://semarc/publisher/29779